[Event "GER-ch U10"]
[Site "Willingen"]
[Date "2020.10.31"]
[Round "7"]
[White "Gulamzada, Elmir"]
[Black "Peters, Lasse"]
[Result "1-0"]
[WhiteElo "1397"]
[BlackElo "1223"]
[PlyCount "120"]
[EventDate "2020.10.26"]
[EventType "swiss"]
[EventRounds "7"]
[EventCountry "GER"]
[SourceTitle "CBM 199 Extra"]
[Source "ChessBase"]
[SourceDate "2021.01.31"]
[SourceVersion "1"]
[SourceVersionDate "2021.01.31"]
[SourceQuality "1"]

1. e4 e5 2. Nf3 Nc6 3. Bb5 a6 4. Ba4 Bc5 5. 0-0 Nf6 6. d3 b5 7. Bb3 d6 8. Nc3 0-0 9. Bg5 Bg4 10. Nd5 Nd4 11. Bxf6 gxf6 12. c3 Nxf3+ 13. gxf3 Bh3 14. Re1 c6 15. Ne3 Qb6 16. Kh1 Kh8 17. Re2 Qa7 18. Rc1 Rac8 19. Qd2 Rg8 20. Rg1 Rxg1+ 21. Kxg1 Rg8+ 22. Kh1 Bxe3 23. fxe3 Bf1 24. Rf2 Bh3 25. d4 Qc7 26. d5 c5 27. Bd1 Qd8 28. Be2 Qf8 29. Bf1 Qg7 30. Bg2 Bxg2+ 31. Rxg2 Qxg2+ 32. Qxg2 Rxg2 33. Kxg2 Kg7 34. Kg3 h5 35. Kh4 Kg6 36. h3 a5 37. b3 Kh6 38. f4 Kg6 39. a3 b4 40. axb4 cxb4 41. cxb4 axb4 42. f5+ Kh6 43. Kg3 Kg7 44. Kf2 Kf8 45. h4 Ke8 46. Ke2 Kd7 47. Kd3 Kc7 48. Kc4 Kb6 49. Kxb4 Ka6 50. Ka4 Kb6 51. b4 Ka6 52. b5+ Kb6 53. Kb4 Kb7 54. Ka5 Ka7 55. b6+ Kb7 56. Kb5 Kc8 57. Kc6 Kb8 58. b7 Ka7 59. Kc7 Ka6 60. b8Q Ka5 1-0